Tourists, travellers and hotels in nineteenth-Century Jerusalem /
Main Author:
Other Authors: ,
Format: Book
Language: English
Published:
Leeds, UK :
maney,
2013.
Series:
Palestine Exploration Fund annual ;
11.
PEFA ;
11.
Subjects:
Tags: Add Tag
Call Number: DS111 .A1 P28 v.11
| LEADER | 01952namaa2200349 4500 | ||
|---|---|---|---|
| 003 | OSt | ||
| 005 | 20260505093201.0 | ||
| 008 | 130303s2013 enkab b 001 0 eng d | ||
| 020 | |a 9781907975288 | ||
| 040 | |c ARCE Library | ||
| 050 | 4 | |a DS111 .A1 P28 v.11 | |
| 100 | 1 | |a Gibson, Shimon, |e author | |
| 245 | 1 | 0 | |a Tourists, travellers and hotels in nineteenth-Century Jerusalem / |c Shimon Gibson, Yoni Shapira, and Rupert L. Chapman III. |
| 264 | 1 | |a Leeds, UK : |b maney, |c 2013. | |
| 300 | |a xv, 286 pages : |b illustrations (some color), color maps ; |c 29 cm. | ||
| 490 | 1 | |a Palestine Exploration Fund annual ; |v 11. | |
| 490 | 1 | |a PEFA ; |v 11. | |
| 504 | |a Includes bibliographical references (pages 266-276) and indexes. | ||
| 505 | 0 | |a ch. One Tourists and Pilgrims in Nineteenth-Century Jerusalem -- ch. Two Early Hotels, Inns and Hostels -- The Melita Hotel -- Hotel Meshullam -- The Rosenthal Hotel -- Hotel Palmyra -- The Damascus Hotel -- Hotel de l'Europe -- Olivet Pension/Hensman's Hotel -- Howard's Hotel -- Feil Hotel -- Grand New Hotel -- Hotel Kaminitz -- Lloyd Hotel/Fast's Hotel -- Hughes Hotel -- ch. Three The Mediterranean Hotel at the Patriarch's Pool -- ch. Four The Mediterranean Hotel on the Hill of Bezetha -- ch. Five Mark Twain, Rolla Floyd, Thomas Cook & Son, and Freemasonry in Jerusalem -- ch. Six The Mediterranean Hotel near the Jaffa Gate -- ch. Seven Secular Tourism in the Nineteenth Century. | |
| 600 | 1 | 0 | |a Twain, Mark, |d 1835-1910. |
| 600 | 1 | 0 | |a Warren, Charles, |c Sir, |d 1840-1927. |
| 650 | 0 | |a Hotels |x Jerusalem |y 19th century. | |
| 650 | 0 | |a Tourism |x Jerusalem |y 19th century. | |
| 651 | 0 | |a Jerusalem |x Description and travel. | |
| 651 | 0 | |a Jerusalem |x History |y 19th century. | |
| 700 | 1 | |a Shapira, Yoni. |9 39836 | |
| 700 | 1 | |a Chapman, Rupert L. | |
| 830 | 0 | |a Palestine Exploration Fund annual ; |v 11. | |
| 830 | 0 | |a PEFA ; |v 11. | |
| 901 | |a reviewed | ||
| 942 | |c BK |2 lcc | ||
| 999 | |c 6013 |d 6013 | ||
